NCAAM Basketball Logo Quiz: Big 12 - Statistics

General Stats
  • This quiz has been taken 404 times
    139 since last reset
  • The average score is 15 of 16
Answer Stats
Picture Answer % Correct
Arizona
99%
Baylor
99%
BYU
99%
Houston
99%
Iowa St.
99%
Kansas
99%
Texas Tech
99%
Cincinnati
98%
Arizona St.
97%
Oklahoma St.
97%
Colorado
95%
West Virginia
95%
Kansas St.
93%
Texas Christian
93%
Central Florida
92%
Utah
91%
No matching quizzes found
Score Distribution
Percent of People with Each Score
Percentile by Number Answered
Your Score History
You have not taken this quiz since the last reset